| 000 | 00755cam a2200277 a 4500 | ||
|---|---|---|---|
| 001 | 000015647 | ||
| 003 | DO-SdBNP | ||
| 005 | 20220627094553.0 | ||
| 008 | 940316s2020 sp b 001 0 spa | ||
| 020 | _a9789945883848 | ||
| 040 |
_aDO-SdBNP _cBNPHU _bspa |
||
| 082 |
_axxx _bA832 |
||
| 100 | _97457 | ||
| 245 | 1 | _aAsí vemos el mundo cuentos y poesías para adolescentes curiosos | |
| 260 |
_aPuerto Plata _bSociedad Cultural Renovación, _c2020 |
||
| 300 |
_a74 p. : _c24 cm. _bil. ; |
||
| 590 | _aInventariado, 2022 / DG | ||
| 650 | 4 | _94602 | |
| 650 | _935257 | ||
| 700 | 1 |
_aLlanos, Gabriela _etallerista _981918 |
|
| 700 | 1 |
_aUlloa, Andrés _etallerista _943555 |
|
| 800 | _935258 | ||
| 830 | _94757 | ||
| 910 | _aDG | ||
| 942 |
_2ddc _cLBS1 |
||
| 999 |
_c52111 _d52111 |
||